[Event "Olympiad Women-41"]
[Site "Tromsoe"]
[Date "2014.08.11"]
[Round "9.3"]
[White "Baymuratova, Sevara"]
[Black "Pina Vega, Sulennis"]
[Result "1/2-1/2"]
[WhiteElo "2127"]
[BlackElo "2270"]
[PlyCount "69"]
[EventDate "2014.08.02"]
[EventType "team-swiss"]
[EventRounds "11"]
[EventCountry "NOR"]
[SourceTitle "CBM 162"]
[Source "ChessBase"]
[SourceDate "2014.09.17"]
[SourceVersion "1"]
[SourceVersionDate "2014.09.17"]
[SourceQuality "1"]
[WhiteTeam "Uzbekistan (W)"]
[BlackTeam "Cuba (W)"]
[WhiteTeamCountry "UZB"]
[BlackTeamCountry "CUB"]

1. d4 d5 2. Nf3 Nf6 3. c4 dxc4 4. e3 b5 5. a4 b4 6. Bxc4 e6 7. Qe2 Be7 8. 0-0 0-0 9. Rd1 Bb7 10. Nbd2 c5 11. dxc5 Nbd7 12. Nb3 Qc7 13. a5 Ng4 14. e4 Nxc5 15. h3 Ne5 16. Nxe5 Qxe5 17. f3 Nxb3 18. Bxb3 Bc5+ 19. Kh1 a6 20. Bc2 Rfd8 21. f4 Rxd1+ 22. Qxd1 Qc7 23. Qe2 Rd8 24. Bd2 Bd4 25. Bxb4 Bxb2 26. Rb1 Bd4 27. e5 g6 28. Bd3 Qc6 29. Qc2 Qd5 30. Bc4 Qc6 31. Bd3 Qd5 32. Bc4 Qc6 33. Bd3 Qd5 34. Bc4 Qc6 35. Bd3 1/2-1/2

[Event "Olympiad Women-41"]
[Site "Tromsoe"]
[Date "2014.08.06"]
[Round "5.2"]
[White "Olsarova, Karolina"]
[Black "Pina Vega, Sulennis"]
[Result "1/2-1/2"]
[WhiteElo "2237"]
[BlackElo "2270"]
[PlyCount "198"]
[EventDate "2014.08.02"]
[EventType "team-swiss"]
[EventRounds "11"]
[EventCountry "NOR"]
[SourceTitle "CBM 162"]
[Source "ChessBase"]
[SourceDate "2014.09.17"]
[SourceVersion "1"]
[SourceVersionDate "2014.09.17"]
[SourceQuality "1"]
[WhiteTeam "Czech Republic (W)"]
[BlackTeam "Cuba (W)"]
[WhiteTeamCountry "CZE"]
[BlackTeamCountry "CUB"]

1. e4 c5 2. Nf3 Nc6 3. c3 d6 4. d4 Nf6 5. d5 Nb8 6. Bd3 g6 7. h3 Bg7 8. 0-0 0-0 9. Re1 Na6 10. a4 Nc7 11. c4 e5 12. dxe6 Nxe6 13. Nc3 Nd7 14. Nd5 Ne5 15. Nxe5 dxe5 16. a5 Nd4 17. Bd2 Be6 18. Ra3 f5 19. f4 Bxd5 20. exd5 e4 21. Bf1 b5 22. cxb5 Qxd5 23. Qc1 Kh8 24. Be3 Rab8 25. Rd1 Qb7 26. Qd2 Rfd8 27. Kh1 Ne6 28. Qc2 Rxd1 29. Qxd1 Bd4 30. Qc1 Qc7 31. Bd2 Qd6 32. Bc4 Nc7 33. Rb3 Nd5 34. Qf1 Re8 35. Bc1 Nb4 36. Qe2 Qc7 37. Ra3 Rd8 38. Ra4 Qd6 39. Ra1 Qf6 40. Kh2 Rd7 41. Ra4 h5 42. Kh1 h4 43. Qe1 Kg7 44. Qe2 Re7 45. b6 axb6 46. a6 Nc6 47. Bd5 Na7 48. Bb7 b5 49. Ra1 b4 50. Rb1 Qe6 51. b3 e3 52. Bb2 Qd6 53. Rf1 Bxb2 54. Qxb2+ Qd4 55. Qe2 Qd2 56. Re1 Kf6 57. Kg1 Qxe2 58. Rxe2 g5 59. fxg5+ Kxg5 60. Kf1 Kf4 61. Rc2 Rc7 62. Ke2 c4 63. bxc4 b3 64. Rb2 Rxc4 65. Rxb3 Rc2+ 66. Ke1 Ra2 67. Rb4+ Kg3 68. Rb6 Kf4 69. Rb4+ Ke5 70. Rb1 f4 71. Rb4 Ra5 72. Ke2 Ra2+ 73. Ke1 Ra5 74. Re4+ Kf5 75. Rb4 Ra2 76. Rb1 Ra4 77. Ke2 Ke5 78. Rb6 Ra2+ 79. Ke1 Ra4 80. Rb2 Kd4 81. Ke2 Kc5 82. Rc2+ Kb6 83. Kf3 Nb5 84. Rb2 Kc5 85. Rb1 Nd4+ 86. Kxf4 e2 87. Ke3 e1Q+ 88. Rxe1 Nc2+ 89. Ke2 Nxe1 90. Kxe1 Ra2 91. Kf1 Kd4 92. Kg1 Ke3 93. Kh2 Kf2 94. Bc8 Ra1 95. Bb7 Ra2 96. Bc8 Ra3 97. Bb7 Ra1 98. Bc8 Ra2 99. Bb7 Ra1 1/2-1/2

[Event "Olympiad Women-41"]
[Site "Tromsoe"]
[Date "2014.08.04"]
[Round "3.3"]
[White "Saric, Zrinka"]
[Black "Pina Vega, Sulennis"]
[Result "1/2-1/2"]
[WhiteElo "2113"]
[BlackElo "2270"]
[PlyCount "84"]
[EventDate "2014.08.02"]
[EventType "team-swiss"]
[EventRounds "11"]
[EventCountry "NOR"]
[SourceTitle "CBM 162"]
[Source "ChessBase"]
[SourceDate "2014.09.17"]
[SourceVersion "1"]
[SourceVersionDate "2014.09.17"]
[SourceQuality "1"]
[WhiteTeam "Croatia (W)"]
[BlackTeam "Cuba (W)"]
[WhiteTeamCountry "CRO"]
[BlackTeamCountry "CUB"]

1. e4 c5 2. Nf3 Nc6 3. d4 cxd4 4. Nxd4 e6 5. Nc3 Qc7 6. Be3 a6 7. Qd2 Nf6 8. 0-0-0 Bb4 9. f3 Ne7 10. Kb1 Bxc3 11. bxc3 d5 12. Nb3 b5 13. Bg5 Bb7 14. Bd3 Rc8 15. Bxf6 gxf6 16. Kb2 h5 17. Rhe1 Qxh2 18. f4 Rg8 19. Bf1 h4 20. f5 e5 21. Na5 Ba8 22. exd5 Bxd5 23. c4 bxc4 24. Nxc4 Bxc4 25. Bxc4 Rxg2 26. Re2 Rxe2 27. Bxe2 Rb8+ 28. Ka1 Qf4 29. Qxf4 exf4 30. Rd4 Rb6 31. c4 Nxf5 32. Rxf4 Ne3 33. Bd3 Rd6 34. Re4+ Re6 35. Rxh4 Kd7 36. Kb2 Kd6 37. Kc3 Kc5 38. Rh5+ Re5 39. Rh7 Re7 40. Rh5+ Re5 41. Rh7 Re7 42. Rh5+ Re5 1/2-1/2

[Event "Olympiad Women-41"]
[Site "Tromsoe"]
[Date "2014.08.02"]
[Round "1.3"]
[White "Acevedo Mendez, Lisseth"]
[Black "Pina Vega, Sulennis"]
[Result "0-1"]
[WhiteElo "1846"]
[BlackElo "2270"]
[PlyCount "80"]
[EventDate "2014.08.02"]
[EventType "team-swiss"]
[EventRounds "11"]
[EventCountry "NOR"]
[SourceTitle "CBM 162"]
[Source "ChessBase"]
[SourceDate "2014.09.17"]
[SourceVersion "1"]
[SourceVersionDate "2014.09.17"]
[SourceQuality "1"]
[WhiteTeam "Costa Rica (W)"]
[BlackTeam "Cuba (W)"]
[WhiteTeamCountry "CRI"]
[BlackTeamCountry "CUB"]

1. e4 c5 2. Nf3 Nc6 3. Bb5 d6 4. 0-0 Bd7 5. c3 Nf6 6. Re1 a6 7. Bf1 Bg4 8. h3 Bxf3 9. Qxf3 g6 10. d3 Bg7 11. Be3 Nd7 12. Nd2 0-0 13. Qg3 b5 14. Rac1 b4 15. Nc4 bxc3 16. bxc3 Nb6 17. Nxb6 Qxb6 18. f4 Qa5 19. Bd2 Qxa2 20. Qe3 Nd4 21. Ra1 Qe6 22. Rac1 a5 23. Kh2 Nb3 24. Rc2 a4 25. Ra2 Nxd2 26. Qxd2 Bxc3 27. Qxc3 Qxa2 28. d4 Qb3 29. Qa1 a3 30. dxc5 dxc5 31. Rc1 Qb2 32. Bc4 Qxa1 33. Rxa1 Rfb8 34. Kg3 Ra4 35. Bd5 e6 36. Bc6 Ra6 37. Bd7 Ra7 38. Bc6 Rb6 39. Be8 Kf8 40. Bd7 a2 0-1

[Event "Canadian op 51st"]
[Site "Montreal"]
[Date "2014.07.26"]
[Round "9"]
[White "Plotkin, Victor"]
[Black "Pina Vega, Sulennis"]
[Result "1/2-1/2"]
[WhiteElo "2275"]
[BlackElo "2317"]
[PlyCount "147"]
[EventDate "2014.07.19"]
[EventType "swiss"]
[EventRounds "9"]
[EventCountry "CAN"]
[SourceTitle "CBM 161 Extra"]
[Source "ChessBase"]
[SourceDate "2014.08.29"]
[SourceVersion "1"]
[SourceVersionDate "2014.08.29"]
[SourceQuality "1"]

1. e4 c5 2. c3 d6 3. d4 Nd7 4. Nf3 g6 5. Bc4 Nb6 6. Bb3 c4 7. Bc2 Bg4 8. h3 Bxf3 9. Qxf3 Bg7 10. 0-0 e5 11. Be3 Ne7 12. dxe5 dxe5 13. Na3 Qc7 14. Qe2 Nec8 15. b3 0-0 16. bxc4 Nd7 17. Rfd1 a6 18. Rab1 Ncb6 19. Rb4 Rfb8 20. c5 Nxc5 21. Bxc5 Qxc5 22. Nc4 Nxc4 23. Rxc4 Qe7 24. Rd5 Rc8 25. Bb3 b5 26. Rxc8+ Rxc8 27. Qd3 Rc7 28. Rd6 a5 29. Rb6 b4 30. cxb4 axb4 31. Qd6 Bf8 32. Qxe7 Bxe7 33. Kf1 Kg7 34. Ke2 h5 35. Rb5 Kf6 36. Rb6+ Kg7 37. Rb5 Kf6 38. Kd2 Bc5 39. Kd3 Bxf2 40. Rxb4 Kg5 41. Rc4 Rd7+ 42. Ke2 Ba7 43. Rc6 h4 44. Bd5 Bd4 45. a4 Ra7 46. a5 Rxa5 47. Bxf7 Kf4 48. Rxg6 Kxe4 49. Be6 Be3 50. Rg4+ Bf4 51. Rxh4 Ra3 52. Rh5 Re3+ 53. Kd1 Rd3+ 54. Kc2 Rd2+ 55. Kc3 Rxg2 56. Bg4 Ke3 57. Rh7 Bg3 58. Re7 Rg1 59. Kc4 Ra1 60. Kd5 Ra5+ 61. Ke6 e4 62. Rb7 Re5+ 63. Kf6 Kd4 64. Rb1 Bh4+ 65. Kg6 e3 66. Rb2 Be1 67. Re2 Bc3 68. Rg2 Re7 69. Kh6 Re8 70. Kg6 Be1 71. Kf7 Re5 72. Be2 Rf5+ 73. Kg6 Ke5 74. Rg5 1/2-1/2

[Event "Canadian op 51st"]
[Site "Montreal"]
[Date "2014.07.22"]
[Round "5"]
[White "Ghaem Maghami, Ehsan"]
[Black "Pina Vega, Sulennis"]
[Result "1-0"]
[WhiteElo "2586"]
[BlackElo "2317"]
[PlyCount "87"]
[EventDate "2014.07.19"]
[EventType "swiss"]
[EventRounds "9"]
[EventCountry "CAN"]
[SourceTitle "CBM 161 Extra"]
[Source "ChessBase"]
[SourceDate "2014.08.29"]
[SourceVersion "1"]
[SourceVersionDate "2014.08.29"]
[SourceQuality "1"]

1. c4 e6 2. Nc3 d5 3. d4 Nf6 4. Bg5 Be7 5. Nf3 0-0 6. e3 dxc4 7. Bxc4 a6 8. 0-0 c5 9. dxc5 Qxd1 10. Rfxd1 Bxc5 11. Ne5 b5 12. Be2 Bb7 13. Rac1 Bb4 14. Bh4 Nd5 15. Ne4 Rc8 16. Bh5 g6 17. Rxc8+ Bxc8 18. Nf6+ Nxf6 19. Bxf6 Ba5 20. Rc1 Bd7 21. Bf3 Ra7 22. Nxd7 Nxd7 23. Rc8+ Nf8 24. g4 h6 25. a3 b4 26. Re8 bxa3 27. bxa3 Bb6 28. Be7 Rxe7 29. Rxe7 Bc5 30. Rb7 Bxa3 31. Bc6 a5 32. Be8 f5 33. h3 Bb4 34. Kg2 g5 35. Bf7+ Kh8 36. Kf3 fxg4+ 37. hxg4 Be1 38. Ke2 Bb4 39. Kd3 e5 40. Ke4 Be1 41. Bb3 Ng6 42. Kf5 Nh4+ 43. Kf6 e4 44. Rb8+ 1-0

[Event "Canadian op 51st"]
[Site "Montreal"]
[Date "2014.07.20"]
[Round "3"]
[White "Poulin, Maurice"]
[Black "Pina Vega, Sulennis"]
[Result "1/2-1/2"]
[WhiteElo "1989"]
[BlackElo "2317"]
[PlyCount "128"]
[EventDate "2014.07.19"]
[EventType "swiss"]
[EventRounds "9"]
[EventCountry "CAN"]
[SourceTitle "CBM 161 Extra"]
[Source "ChessBase"]
[SourceDate "2014.08.29"]
[SourceVersion "1"]
[SourceVersionDate "2014.08.29"]
[SourceQuality "1"]

1. e4 c5 2. Nf3 Nc6 3. Bb5 d6 4. 0-0 Bd7 5. Re1 Nf6 6. c3 a6 7. Bxc6 Bxc6 8. e5 dxe5 9. Nxe5 Qc7 10. d4 cxd4 11. Qxd4 e6 12. Nxc6 Qxc6 13. Be3 Be7 14. Qb6 Qxb6 15. Bxb6 0-0 16. Nd2 Nd5 17. Bd4 Rfd8 18. Rad1 b5 19. g3 Rac8 20. Kf1 Rd7 21. Nb3 b4 22. Rc1 bxc3 23. Bxc3 Nxc3 24. Rxc3 Rxc3 25. bxc3 Rc7 26. Rc1 Kf8 27. Ke2 Ba3 28. Rc2 Ke7 29. c4 Bc5 30. Nxc5 Rxc5 31. Kd3 Kd6 32. Kc3 g5 33. Rd2+ Kc7 34. g4 Re5 35. Kd3 Re1 36. Kd4 Kc6 37. Kc3 Re4 38. Rd4 Re2 39. Rd2 Re1 40. Kb4 Re4 41. h3 a5+ 42. Kb3 Rf4 43. Re2 Rf3+ 44. Ka4 h6 45. Kxa5 Kc5 46. a4 Rxh3 47. Re5+ Kxc4 48. Kb6 Rf3 49. Re4+ Kd5 50. Rb4 Rxf2 51. a5 Ra2 52. a6 Rxa6+ 53. Kxa6 f5 54. Rb5+ Ke4 55. Rb6 fxg4 56. Rxe6+ Kf5 57. Rxh6 g3 58. Rh1 Kg4 59. Kb5 g2 60. Rb1 Kh3 61. Kc4 Kh2 62. Kd3 g4 63. Ke3 g1Q+ 64. Rxg1 Kxg1 1/2-1/2

[Event "Canadian op 51st"]
[Site "Montreal"]
[Date "2014.07.19"]
[Round "1"]
[White "Zhou, Qiyu"]
[Black "Pina Vega, Sulennis"]
[Result "1/2-1/2"]
[WhiteElo "2029"]
[BlackElo "2317"]
[PlyCount "86"]
[EventDate "2014.07.19"]
[EventType "swiss"]
[EventRounds "9"]
[EventCountry "CAN"]
[SourceTitle "CBM 161 Extra"]
[Source "ChessBase"]
[SourceDate "2014.08.29"]
[SourceVersion "1"]
[SourceVersionDate "2014.08.29"]
[SourceQuality "1"]

1. e4 c5 2. Nf3 Nc6 3. d4 cxd4 4. Nxd4 e6 5. c4 Nf6 6. Nc3 Bb4 7. Nxc6 bxc6 8. Bd3 e5 9. 0-0 d6 10. Qa4 Bxc3 11. bxc3 Bd7 12. c5 dxc5 13. Ba3 0-0 14. Bxc5 Re8 15. Rfd1 a5 16. Rab1 Qc8 17. f3 Nh5 18. Bb6 Nf4 19. Bf1 Re6 20. g3 Rg6 21. Qa3 Ne6 22. Qe7 Nf8 23. Qxe5 h6 24. Bg2 c5 25. Qxc5 Rc6 26. Qe5 f6 27. Qe7 Rxc3 28. e5 fxe5 29. Qxe5 Rc2 30. Bd4 Ne6 31. f4 Bc6 32. Bd5 Bxd5 33. Qxd5 Kh8 34. Be5 Qa6 35. Qb5 Qxb5 36. Rxb5 Rxa2 37. Rd6 Rc8 38. Rb1 Rcc2 39. Ra6 Rg2+ 40. Kf1 Rgf2+ 41. Kg1 Rg2+ 42. Kf1 Rgf2+ 43. Kg1 Rg2+ 1/2-1/2

[Event "Capablanca Memorial op 49th"]
[Site "Havana"]
[Date "2014.05.10"]
[Round "3"]
[White "Borges Feria, Yasel"]
[Black "Pina Vega, Sulennis"]
[Result "1/2-1/2"]
[WhiteElo "2427"]
[BlackElo "2313"]
[PlyCount "37"]
[EventDate "2014.04.08"]
[EventType "swiss"]
[EventRounds "10"]
[EventCountry "CUB"]
[SourceTitle "CBM 160 Extra"]
[Source "ChessBase"]
[SourceDate "2014.07.01"]
[SourceVersion "1"]
[SourceVersionDate "2014.07.01"]
[SourceQuality "1"]

1. Nf3 Nf6 2. e3 d5 3. c4 e6 4. Nc3 c5 5. d4 dxc4 6. Bxc4 a6 7. 0-0 b5 8. Be2 Bb7 9. a3 Nc6 10. dxc5 Qxd1 11. Rxd1 Bxc5 12. b4 Be7 13. Bb2 0-0 14. Nd2 Rfd8 15. Nb3 Rxd1+ 16. Rxd1 Rd8 17. Rc1 Nd7 18. Rd1 Nb6 19. Rxd8+ 1/2-1/2

[Event "CUB-ch (Women)"]
[Site "Pinar del Rio"]
[Date "2014.02.11"]
[Round "7"]
[White "Pina Vega, Sulennis"]
[Black "Arribas Robaina, Maritza"]
[Result "1-0"]
[WhiteElo "2279"]
[BlackElo "2309"]
[PlyCount "61"]
[EventDate "2014.02.05"]
[EventType "tourn"]
[EventRounds "11"]
[EventCountry "CUB"]
[EventCategory "1"]
[SourceTitle "CBM 158 Extra"]
[Source "ChessBase"]
[SourceDate "2014.02.28"]
[SourceVersion "1"]
[SourceVersionDate "2014.02.28"]
[SourceQuality "1"]

1. e4 e6 2. d4 d5 3. Bd3 c5 4. exd5 Qxd5 5. Nc3 Qxd4 6. Nb5 Qd8 7. Bf4 Na6 8. Qe2 Nf6 9. 0-0-0 Qa5 10. Bc4 Be7 11. Bd6 Bd7 12. Nf3 Bxb5 13. Bxb5+ Kf8 14. Ne5 Qxa2 15. Nd7+ Nxd7 16. Bxe7+ Kg8 17. Bxd7 Qa1+ 18. Kd2 Qxb2 19. Qe4 Nb4 20. Rb1 Qa2 21. Ra1 Qd5+ 22. Qxd5 Nxd5 23. Bxc5 Rd8 24. Rxa7 Nf6 25. Kc1 Nxd7 26. Rd1 h6 27. Be7 Kh7 28. Bxd8 Rxd8 29. Rxb7 Nc5 30. Rxd8 Nxb7 31. Rd7 1-0

[Event "CUB-ch (Women)"]
[Site "Pinar del Rio"]
[Date "2014.02.10"]
[Round "6"]
[White "Ordaz Valdes, Lisandra Teresa"]
[Black "Pina Vega, Sulennis"]
[Result "1/2-1/2"]
[WhiteElo "2363"]
[BlackElo "2279"]
[PlyCount "26"]
[EventDate "2014.02.05"]
[EventType "tourn"]
[EventRounds "11"]
[EventCountry "CUB"]
[EventCategory "1"]
[SourceTitle "CBM 158 Extra"]
[Source "ChessBase"]
[SourceDate "2014.02.28"]
[SourceVersion "1"]
[SourceVersionDate "2014.02.28"]
[SourceQuality "1"]

1. d4 d5 2. c4 c5 3. e3 Nf6 4. Nf3 cxd4 5. exd4 Nc6 6. Nc3 e6 7. a3 dxc4 8. Bxc4 Be7 9. 0-0 0-0 10. Re1 Bd7 11. Ne5 Rc8 12. Ba2 Be8 13. Nf3 Na5 1/2-1/2

[Event "CUB-ch (Women)"]
[Site "Pinar del Rio"]
[Date "2014.02.08"]
[Round "4"]
[White "Hernandez Moya, Yuleisis"]
[Black "Pina Vega, Sulennis"]
[Result "1/2-1/2"]
[WhiteElo "2227"]
[BlackElo "2279"]
[PlyCount "111"]
[EventDate "2014.02.05"]
[EventType "tourn"]
[EventRounds "11"]
[EventCountry "CUB"]
[EventCategory "1"]
[SourceTitle "CBM 158 Extra"]
[Source "ChessBase"]
[SourceDate "2014.02.28"]
[SourceVersion "1"]
[SourceVersionDate "2014.02.28"]
[SourceQuality "1"]

1. e4 c5 2. Nf3 Nc6 3. d4 cxd4 4. Nxd4 e6 5. c4 Nf6 6. Nxc6 bxc6 7. Bd3 Bc5 8. 0-0 e5 9. Nc3 d6 10. h3 g5 11. Bxg5 Rg8 12. Bxf6 Qxf6 13. Kh1 Ke7 14. Be2 Qg5 15. g4 h5 16. f3 Be6 17. Kg2 Rh8 18. Rh1 Rag8 19. Qd3 Rg6 20. Raf1 Rf6 21. Bd1 Qc1 22. b3 Qg5 23. Rh2 hxg4 24. fxg4 Rxf1 25. Qxf1 Qd2+ 26. Ne2 Rh6 27. g5 Qxg5+ 28. Ng3 Rg6 29. Bg4 Bxg4 30. hxg4 Qxg4 31. Qf3 Qf4 32. Rh5 Qxf3+ 33. Kxf3 Ke6 34. Rh8 d5 35. cxd5+ cxd5 36. Rc8 Rf6+ 37. Ke2 Bd6 38. Rc6 dxe4 39. Nxe4 Kd5 40. Rc4 Rg6 41. Ra4 Bb8 42. Kd3 f5 43. Ra5+ Ke6 44. Nc5+ Ke7 45. b4 e4+ 46. Kd4 Rd6+ 47. Ke3 Rd8 48. Rb5 Bd6 49. Rb7+ Kf6 50. Nxe4+ fxe4 51. Kxe4 Re8+ 52. Kd5 Re7 53. Kc6 Re6 54. Kb5 Re4 55. Rxa7 Rxb4+ 56. Kc6 1/2-1/2

[Event "Panama op 3rd"]
[Site "Panama City"]
[Date "2013.10.31"]
[Round "2"]
[White "Pina Vega, Sulennis"]
[Black "Gomez Garrido, Camilo Ernesto"]
[Result "0-1"]
[WhiteElo "2298"]
[BlackElo "2504"]
[PlyCount "44"]
[EventDate "2013.10.30"]
[EventType "swiss"]
[EventRounds "9"]
[EventCountry "PAN"]
[SourceTitle "EXT 2014"]
[Source "ChessBase"]
[SourceDate "2013.11.20"]
[SourceVersion "1"]
[SourceVersionDate "2013.11.20"]
[SourceQuality "1"]

1. e4 c5 2. Nf3 d6 3. Bb5+ Nd7 4. c3 Ngf6 5. Qe2 a6 6. Ba4 g6 7. 0-0 Bg7 8. d4 b5 9. Bc2 cxd4 10. cxd4 Nb6 11. Nc3 0-0 12. h3 Bb7 13. Bg5 h6 14. Bh4 b4 15. Nd1 Rc8 16. Bg3 Nh5 17. Bh2 e5 18. dxe5 dxe5 19. Nxe5 Qc7 20. Nxg6 Qxc2 21. Ne7+ Kh8 22. Qxh5 Qxe4 0-1

[Event "Bogota University op 7th"]
[Site "Bogota"]
[Date "2013.10.13"]
[Round "8"]
[White "Pina Vega, Sulennis"]
[Black "Cardozo Munar, Carlos Eduardo"]
[Result "1-0"]
[WhiteElo "2298"]
[BlackElo "2021"]
[PlyCount "55"]
[EventDate "2013.10.10"]
[EventType "swiss"]
[EventRounds "9"]
[EventCountry "COL"]
[SourceTitle "CBM 156 Extra"]
[Source "ChessBase"]
[SourceDate "2013.10.22"]
[SourceVersion "1"]
[SourceVersionDate "2013.10.22"]
[SourceQuality "1"]

1. e4 e6 2. d3 d5 3. Qe2 Nf6 4. e5 Nfd7 5. f4 c5 6. Nf3 Nc6 7. c3 b6 8. g3 Be7 9. Bg2 Qc7 10. a4 Bb7 11. Na3 Rc8 12. 0-0 0-0 13. Bd2 Na5 14. Nb5 Qb8 15. f5 a6 16. fxe6 fxe6 17. Bh3 Rc6 18. Nd6 Bxd6 19. Bxe6+ Kh8 20. Bxd7 Rc7 21. exd6 Rxd7 22. Ne5 Rxd6 23. Nf7+ Rxf7 24. Rxf7 Rd8 25. Raf1 Nc6 26. Bf4 Qa8 27. Qg4 Rg8 28. Bh6 1-0

[Event "Bogota University op 7th"]
[Site "Bogota"]
[Date "2013.10.12"]
[Round "5"]
[White "Moyano, Carlos Andres"]
[Black "Pina Vega, Sulennis"]
[Result "0-1"]
[WhiteElo "2072"]
[BlackElo "2298"]
[PlyCount "56"]
[EventDate "2013.10.10"]
[EventType "swiss"]
[EventRounds "9"]
[EventCountry "COL"]
[SourceTitle "CBM 156 Extra"]
[Source "ChessBase"]
[SourceDate "2013.10.22"]
[SourceVersion "1"]
[SourceVersionDate "2013.10.22"]
[SourceQuality "1"]

1. e4 c5 2. Nf3 Nc6 3. Bb5 d6 4. 0-0 Bd7 5. c3 Nf6 6. Re1 a6 7. Bf1 e5 8. h3 Be7 9. d4 cxd4 10. cxd4 0-0 11. d5 Na7 12. a4 Ne8 13. Qb3 b5 14. a5 Kh8 15. Be3 f5 16. exf5 Bxf5 17. Nbd2 Qd7 18. Bg5 Nc8 19. Bd3 Nc7 20. Be4 Bxg5 21. Nxg5 Ne7 22. Rad1 h6 23. Ngf3 Ng6 24. Bxf5 Rxf5 25. Ne4 Rf4 26. Ng3 Rxf3 27. gxf3 Qxh3 28. Re4 Nh4 0-1

[Event "Capablanca Memorial op-A 48th"]
[Site "Havana"]
[Date "2013.04.22"]
[Round "2"]
[White "Espinosa Veloz, Ermes"]
[Black "Pina Vega, Sulennis"]
[Result "1/2-1/2"]
[WhiteElo "2461"]
[BlackElo "2332"]
[PlyCount "79"]
[EventDate "2013.04.21"]
[EventType "swiss"]
[EventRounds "10"]
[EventCountry "CUB"]
[SourceTitle "CBM 154 Extra"]
[Source "ChessBase"]
[SourceDate "2013.06.25"]
[SourceVersion "2"]
[SourceVersionDate "2013.06.25"]
[SourceQuality "1"]

1. e4 c5 2. Nf3 a6 3. c3 d6 4. d4 Qc7 5. h3 g6 6. Bd3 Bg7 7. 0-0 Nf6 8. Re1 e5 9. dxe5 dxe5 10. Bg5 0-0 11. Nbd2 h6 12. Bxf6 Bxf6 13. Nc4 Be6 14. Ne3 Rd8 15. Qe2 b5 16. c4 Nc6 17. cxb5 axb5 18. Bxb5 Nd4 19. Nxd4 exd4 20. Nd5 Bxd5 21. exd5 Rab8 22. Bc4 d3 23. Qxd3 Bxb2 24. Rab1 Bd4 25. g3 Rxb1 26. Rxb1 Rd6 27. Re1 Rf6 28. Re2 Qa5 29. Kg2 Kg7 30. Qb3 Rb6 31. Qd3 Rf6 32. Bb3 Qa3 33. Qc4 Qb4 34. h4 Qb6 35. a4 g5 36. h5 g4 37. Qc2 Rf3 38. Qe4 Rxb3 39. Qxg4+ Kf8 40. Qc8+ 1/2-1/2

[Event "Capablanca Memorial op-A 48th"]
[Site "Havana"]
[Date "2013.04.21"]
[Round "1"]
[White "Pina Vega, Sulennis"]
[Black "Gonzalez Ochoa, Yoana"]
[Result "1-0"]
[WhiteElo "2332"]
[BlackElo "2060"]
[PlyCount "129"]
[EventDate "2013.04.21"]
[EventType "swiss"]
[EventRounds "10"]
[EventCountry "CUB"]
[SourceTitle "CBM 154 Extra"]
[Source "ChessBase"]
[SourceDate "2013.06.25"]
[SourceVersion "2"]
[SourceVersionDate "2013.06.25"]
[SourceQuality "1"]

1. e4 e5 2. Nf3 Nc6 3. Bb5 a6 4. Ba4 Nf6 5. Qe2 b5 6. Bb3 Be7 7. a4 Bb7 8. d3 0-0 9. 0-0 b4 10. Nbd2 h6 11. Nc4 d6 12. a5 Na7 13. Ne3 Re8 14. Nd2 Nc6 15. Nf5 Bf8 16. Nc4 d5 17. exd5 Nd4 18. Nxd4 exd4 19. Qd1 Qxd5 20. f3 Qf5 21. Bd2 Nd5 22. Re1 Bc5 23. Ba4 Re3 24. Bxe3 dxe3 25. d4 Ba7 26. Nxe3 Nxe3 27. Rxe3 Qf4 28. Rd3 Rd8 29. c3 c5 30. Qd2 Qxd2 31. Rxd2 bxc3 32. bxc3 cxd4 33. Kh1 Rd5 34. Bb3 Rb5 35. Rb1 Bd5 36. Bc2 Rxa5 37. cxd4 g6 38. Be4 Kg7 39. h3 Kf6 40. Rc1 Ke6 41. g3 Bb8 42. Kg2 Ra3 43. Bxd5+ Kxd5 44. Rc5+ Kd6 45. Rc8 Ba7 46. Rf8 Ke7 47. Ra8 Bb6 48. d5 Bc5 49. Rc8 Bd6 50. Rc6 Ra5 51. Rb6 h5 52. h4 Kd7 53. Rb7+ Ke8 54. f4 Rb5 55. Rxb5 axb5 56. Kf3 Kd7 57. Rc2 Bb8 58. Rb2 Ba7 59. Rxb5 Kd6 60. Rb7 Bd4 61. Ke4 Bf2 62. Rxf7 Bxg3 63. Rf6+ Kd7 64. Rxg6 Bxh4 65. Rh6 1-0

[Event "Mexico City UNAM Prelim-A (Women)"]
[Site "Mexico City"]
[Date "2012.11.20"]
[Round "5"]
[White "Rizzo, Marina"]
[Black "Pina Vega, Sulennis"]
[Result "0-1"]
[WhiteElo "2054"]
[BlackElo "2332"]
[PlyCount "88"]
[EventDate "2012.11.16"]
[EventType "tourn (rapid)"]
[EventRounds "20"]
[EventCountry "MEX"]
[SourceTitle "CBM 151 Extra"]
[Source "ChessBase"]
[SourceDate "2012.12.18"]
[SourceVersion "1"]
[SourceVersionDate "2012.12.18"]
[SourceQuality "1"]

1. e4 c5 2. Nf3 a6 3. d4 cxd4 4. Nxd4 Nf6 5. Nc3 e5 6. Nf3 d6 7. Bg5 Be7 8. Bc4 0-0 9. Bxf6 Bxf6 10. 0-0 Bg4 11. Qd3 Nc6 12. a3 Rc8 13. Ba2 Be7 14. Rfe1 Kh8 15. Nd2 Nd4 16. Nf1 Bg5 17. Ne3 Be6 18. Ned5 f5 19. f4 Bh6 20. fxe5 dxe5 21. Rad1 f4 22. Rf1 Bg4 23. Rde1 Rc6 24. Rf2 Bg5 25. Ref1 Re8 26. Bb1 b5 27. h3 Bh5 28. g4 fxg3 29. Qxg3 Rg6 30. Kh1 Bf4 31. Qd3 Rg3 32. Nxf4 Rxd3 33. Nxd3 h6 34. Nxe5 Qh4 35. Rf8+ Rxf8 36. Rxf8+ Kh7 37. Ba2 Qxh3+ 38. Kg1 Qg3+ 39. Kh1 Bf3+ 40. Nxf3 Nxf3 41. Rxf3 Qxf3+ 42. Kg1 Qe3+ 43. Kh1 Qc1+ 44. Kg2 Qxb2 0-1

[Event "Mexico City UNAM Prelim-A (Women)"]
[Site "Mexico City"]
[Date "2012.11.19"]
[Round "4"]
[White "Nakhbayeva, Guliskhan"]
[Black "Pina Vega, Sulennis"]
[Result "1/2-1/2"]
[WhiteElo "2334"]
[BlackElo "2332"]
[PlyCount "121"]
[EventDate "2012.11.16"]
[EventType "tourn (rapid)"]
[EventRounds "20"]
[EventCountry "MEX"]
[SourceTitle "CBM 151 Extra"]
[Source "ChessBase"]
[SourceDate "2012.12.18"]
[SourceVersion "1"]
[SourceVersionDate "2012.12.18"]
[SourceQuality "1"]

1. d4 c5 2. d5 e5 3. e4 d6 4. Nc3 Be7 5. f4 Nd7 6. Nf3 a6 7. a4 Bf6 8. f5 h6 9. Be3 Rb8 10. Be2 Nf8 11. 0-0 Bd7 12. a5 Nh7 13. Nd2 Bg5 14. Bf2 Bxd2 15. Qxd2 Ngf6 16. Kh1 Ng5 17. Qe3 b5 18. axb6 Rxb6 19. b3 Bb5 20. Bxb5+ axb5 21. b4 Nd7 22. Qe2 Qb8 23. Ra5 0-0 24. h4 Nh7 25. Nxb5 cxb4 26. Bxb6 Qxb6 27. Rfa1 Nc5 28. Qe3 Rc8 29. Na7 Re8 30. Nc6 Nf6 31. Ra6 Qb5 32. Ra8 Rxa8 33. Rxa8+ Kh7 34. Ra1 Nfxe4 35. Ne7 Qd7 36. Nc6 Qxf5 37. Nxb4 Qg4 38. Nd3 Ng3+ 39. Kg1 Nce4 40. Nf2 Nxf2 41. Kxf2 Nf5 42. Qc3 Qxh4+ 43. Kg1 Ng3 44. Re1 f5 45. Qf3 e4 46. Qc3 f4 47. Qc4 Qh1+ 48. Kf2 Qh4 49. Kg1 Qh1+ 50. Kf2 e3+ 51. Rxe3 fxe3+ 52. Kxg3 Qe1+ 53. Kh2 Qf2 54. Qe4+ Kg8 55. Qe6+ Kf8 56. Qxd6+ Kg8 57. Qe6+ Kh7 58. Qe4+ Kh8 59. Qe8+ Kh7 60. Qe4+ Kh8 61. Qe8+ 1/2-1/2